00495nam a2200157Ia 4500008004100000020001400041082001600055100001700071245006800088250000700156260005600163300002800219500001900247600002100266650005000287240925s9999 xx 000 0 und d a201565072 a005.133 MOS aMoss, Charis 0aProlog ++: the power of object- oriented and logic programming  aNA aWokingham:bAddison-Wily Publishing Companyc,1995. axiv,312p.bNAfOriginal aIncludes Index aComputer Science aComputer science, information & general works